| 000 | 00497nam a2200205Ia 4500 | ||
|---|---|---|---|
| 003 | OSt | ||
| 005 | 20231107143613.0 | ||
| 008 | 210210b1966 xxu||||| |||| 00| 0 eng d | ||
| 040 | _cAL | ||
| 041 | _aEnglish | ||
| 082 | _a530 ABBO | ||
| 100 |
_aABBOTT (A F). _9141042 |
||
| 245 | _aOrdinary level physics. | ||
| 260 |
_aBombay _bAllied Publishers _c1966 |
||
| 300 | _axxiv,665 | ||
| 650 |
_aOrdinary level physics _9141043 |
||
| 690 |
_aPhysics _9141044 |
||
| 906 | _a039666 | ||
| 942 |
_2ddc _cBK |
||
| 999 |
_c89953 _d89953 |
||